| 000 | 00825nas a2200289 4500 | ||
|---|---|---|---|
| 001 | BR2012008491 | ||
| 003 | BR-BrBNA | ||
| 005 | 20231205121431.0 | ||
| 007 | ta | ||
| 008 | 230509b bl.|||p| |||| 00| 00por d | ||
| 040 |
_aBR-BrBNA _bpor _cBiblioteca Nacional de Agricultura |
||
| 041 | _a(Pt) | ||
| 072 | _aL74 | ||
| 100 | 1 | _aMatsukuma, B.H. | |
| 100 | 1 | _aPeiró, J.R. | |
| 100 | 1 | _aFeitosa, F.L.F. | |
| 100 | 1 | _aMendes, L.C.N. | |
| 245 | 1 | _aFisiologia da termorregulação e estresse térmico em ovinos lanados | |
| 650 | _aOVINO | ||
| 650 | _aTOSQUIA | ||
| 650 | _aTERMORREGULAÇÃO | ||
| 650 | _aTEMPERATURA | ||
| 650 | _aSTRESS | ||
| 773 | 0 |
_tRevista CFMV (Brazil) _xISSN 1517-6959 _g(Sep-Dec 2010), v. 16(51) p. 26-30 _wBR2012008491 |
|
| 909 |
_a202311 _bLúcia _c55 _dLúcia Elande |
||
| 942 |
_2AGRIS _n0 _cANA |
||
| 999 |
_c223552 _d223552 |
||